| 000 | 00818cab a22002535a 4500 | ||
|---|---|---|---|
| 001 | L159921 | ||
| 008 | 150113e2017 xxk 000 0 eng d | ||
| 035 | _a(Sirsi) u159921 | ||
| 041 | 0 | _aeng | |
| 050 | _a690.24 $2 18 | ||
| 100 | 1 | _aCoppins, Darren | |
| 245 | 0 | 0 |
_aTesting the water _h[electronic resource] |
| 260 |
_aLondon _bRICS _c2017 |
||
| 490 |
_aRICS Building Surveying Journal _vMarch - April 2017, 12(1) |
||
| 520 | _aExplains how computers can be used to model thermal junctions and diagnose damp. | ||
| 650 | 2 | 4 | _aDAMP |
| 650 | 2 | 4 | _aTHERMAL IMAGING |
| 650 | 2 | 4 | _aIT |
| 651 | 4 |
_aUnited Kingdom _y |
|
| 690 | _aBUILT ENVIRONMENT-BUILDING PATHOLOGY | ||
| 856 | 4 | 0 |
_uhttps://issuu.com/ricsmodus/docs/building_surveying_journal_march_ap _yAvailable free online via Issuu |
| 856 | 4 | 0 |
_u _z |
| 942 | _n0 | ||
| 999 |
_c85066 _d85066 |
||